Statistics for 30 biggest European cities by letter (with a map) -Z

Click here to take the quiz!

General Stats

  • This quiz has been taken 334 times
  • The average score is 9 of 30

Answers on the Map

Answers color-coded by a green-red scale on the quiz's map according to % correct below.
 

Answer Stats

AnswerPopulation% Correct
Zagreb698 966
97%
Zaragoza661 108
93%
Zürich396 027
88%
Zaporizhia748 984
62%
Zadar75 082
59%
Zwolle124 914
46%
Zwickau88 690
42%
Žilina82 494
38%
Zenica110 663
35%
Zamora61 827
27%
Zielona Góra138 898
27%
Zaanstad151 109
25%
Zabrze175 882
24%
Zamość63 511
24%
Zoetermeer123 784
21%
Zhytomyr268 000
20%
Zalaegerszeg61 970
18%
Żory62 462
18%
Zrenjanin76 511
17%
Zvolen42 321
13%
Zeist63 934
11%
Zgierz56 929
11%
Zalău56 202
10%
Zduńska Wola42 698
6%
Zawiercie49 334
5%
Zhlobin76 078
5%
Zografou71 026
5%
Zhodzina62 924
4%
Zhovti Vody43 591
3%
Zhukovsky108 980
3%

Score Distribution

Percentile by Number Answered

Percent of People with Each Score

Your Score History

You have not taken this quiz